| 000 | 00501nam a2200169Ia 4500 | ||
|---|---|---|---|
| 008 | 180921t2017 xxu||||| |||| 00| 0 sin d | ||
| 041 | _asin | ||
| 080 |
_a23 SA _bATH |
||
| 100 | _aSarathchandra,Udeni | ||
| 245 | _aක්රම සම්පාදන මූලධර්ම සහ උපක්රම | ||
| 246 | _aKramasampadana Muladarma Saha Upackrama | ||
| 260 |
_bSarasavi _aNugegoda _c2017 |
||
| 300 | _b100p, 21cm | ||
| 942 | _cBK | ||
| 999 |
_c635 _d635 |
||
| 003 | LK-CoDNM | ||
| 040 |
_aLK-CoDNM _dLK-CoDNM _eLK-CoDNM |
||